Ethical decisions in medicine /

Bibliographic Details
Main Author: Brody, Howard
Format: Book
Language:English
Published: Boston : Little, Brown, [1981]
Edition:2nd ed.
Subjects:

MARC

Tag First Indicator Second Indicator Subfields
LEADER 00000cam a2200000 a 4500
001 in00000086966
005 20151008064644.0
008 810812s1981 mauak bp 00110 eng
010 |a  80084250  
020 |a 0316108995 (pbk.) 
035 |a (OCoLC)07358877 
035 |9 AAK4568AM 
039 0 |a 2  |b 3  |c 3  |d 3  |e 3 
040 |a DLC  |c DLC  |d OKH  |d TXA  |d UtOrBLW 
049 |a TXAM  |c [1442707] 
050 0 0 |a R724  |b .B76 1981 
060 0 |a W 18 B865e 1981 
082 0 |a 174/.2  |2 19 
100 1 |a Brody, Howard. 
245 1 0 |a Ethical decisions in medicine /  |c Howard Brody. 
250 |a 2nd ed. 
264 1 |a Boston :  |b Little, Brown,  |c [1981] 
264 4 |c ©1981 
300 |a xvii, 421 pages :  |b illustrations, forms ;  |c 24 cm. 
336 |a text  |b txt  |2 rdacontent 
337 |a unmediated  |b n  |2 rdamedia 
338 |a volume  |b nc  |2 rdacarrier 
500 |a Includes index. 
504 |a Bibliography: pages 379-403. 
650 0 |a Medical ethics  |x Programmed instruction. 
650 2 |a Ethics, Medical  |x programmed texts. 
999 |a MARS 
999 f f |s 6c165b37-e177-3adf-8bff-7ef6b605c471  |i 0d649b05-1002-3340-9b79-c5df70f3ba9a  |t 0 
952 f f |p ric  |a Texas A&M University  |b Rellis Campus  |c Joint Library Facility  |d Remote Storage  |t 0  |e R724 .B76 1981  |h Library of Congress classification  |i unmediated -- volume  |m A14806226740 
998 f f |a R724 .B76 1981  |t 0  |l Remote Storage